[Event "ESP-chT CECLUB Div2"]
[Site "Linares"]
[Date "2022.08.27"]
[Round "7.3"]
[White "Domingo Nunez, Ruben"]
[Black "Hernando Rodrigo, Jose Maria"]
[Result "1-0"]
[WhiteElo "2355"]
[BlackElo "2285"]
[PlyCount "81"]
[EventDate "2022.08.22"]
[EventType "team-swiss"]
[EventRounds "7"]
[EventCountry "ESP"]
[SourceTitle "CBM 209 Extra"]
[Source "ChessBase"]
[SourceDate "2022.09.30"]
[SourceVersion "1"]
[SourceVersionDate "2022.09.30"]
[SourceQuality "1"]
[WhiteTeam "Aimpulsa Granada"]
[BlackTeam "Grandama Santa Lucia"]
[WhiteTeamCountry "ESP"]
[BlackTeamCountry "ESP"]

1. Nf3 f5 2. c4 Nf6 3. Nc3 d6 4. d4 g6 5. g3 Bg7 6. Bg2 0-0 7. d5 Na6 8. 0-0 Nc5 9. Be3 Nfe4 10. Nxe4 Nxe4 11. Bd4 e5 12. dxe6 Bxe6 13. Rc1 Bh6 14. b3 Bxc1 15. Qxc1 Qe7 16. Nd2 c5 17. Bb2 d5 18. cxd5 Bxd5 19. Nxe4 Bxe4 20. Qc4+ Rf7 21. Qc3 Rff8 22. Bxe4 fxe4 23. Qh8+ Kf7 24. Qxh7+ Ke8 25. Qxg6+ Rf7 26. Rd1 Rd8 27. Rxd8+ Kxd8 28. Bc1 Kd7 29. Qh5 Kc6 30. Qg4 Kb5 31. Bd2 Qd7 32. Qxe4 Qd4 33. a4+ Ka6 34. Qe6+ b6 35. Qxf7 Qxd2 36. Qc4+ Kb7 37. h4 a6 38. h5 Qg5 39. Qf7+ Kc8 40. Qf8+ Kd7 41. h6 1-0

[Event "ESP-chT CECLUB Div2"]
[Site "Linares"]
[Date "2022.08.24"]
[Round "3.4"]
[White "Horcajuelo Rocamora, Martin"]
[Black "Hernando Rodrigo, Jose Maria"]
[Result "1/2-1/2"]
[WhiteElo "2175"]
[BlackElo "2285"]
[PlyCount "100"]
[EventDate "2022.08.22"]
[EventType "team-swiss"]
[EventRounds "7"]
[EventCountry "ESP"]
[SourceTitle "CBM 209 Extra"]
[Source "ChessBase"]
[SourceDate "2022.09.30"]
[SourceVersion "1"]
[SourceVersionDate "2022.09.30"]
[SourceQuality "1"]
[WhiteTeam "Diagonal Alcorcon"]
[BlackTeam "Grandama Santa Lucia"]
[WhiteTeamCountry "ESP"]
[BlackTeamCountry "ESP"]

1. d4 d6 2. e4 g6 3. Be3 Bg7 4. Nc3 c6 5. Qd2 Nd7 6. Nf3 b5 7. a3 Nb6 8. d5 cxd5 9. Bxb6 Qxb6 10. Nxd5 Qb7 11. Bxb5+ Kf8 12. c4 Nf6 13. Qa5 Bg4 14. 0-0 Bxf3 15. gxf3 Nxd5 16. cxd5 Rb8 17. a4 Bxb2 18. Ra2 Bd4 19. Rc2 Bc5 20. Qc3 f6 21. Qd3 Kg7 22. f4 Qc8 23. h3 Rb6 24. Kh2 Qb7 25. e5 fxe5 26. fxe5 Rf8 27. f4 a6 28. Bc6 Qb8 29. e6 Rb1 30. Rf3 Rf5 31. Qxa6 Qb4 32. Qc4 Rb2 33. Qc3+ Qxc3 34. Rfxc3 Rxc2+ 35. Rxc2 Rxf4 36. Ra2 Kf6 37. a5 Ke5 38. a6 Rf2+ 39. Rxf2 Bxf2 40. Kg2 Bc5 41. Kf3 h6 42. Bb7 Kf5 43. Bc6 Kg5 44. Bb7 Kh4 45. Kg2 Bd4 46. Bc6 g5 47. Bb7 g4 48. hxg4 Kxg4 49. Bc6 Bc5 50. Bb7 Bb6 1/2-1/2

[Event "Vecindario Montalvo Memorial 13th"]
[Site "Vecindario"]
[Date "2020.11.17"]
[Round "7"]
[White "Hernando Rodrigo, Jose Maria"]
[Black "Perez Guerra, Raul"]
[Result "0-1"]
[WhiteElo "2319"]
[BlackElo "2122"]
[PlyCount "66"]
[EventDate "2020.11.12"]
[EventType "tourn"]
[EventRounds "9"]
[EventCountry "ESP"]
[EventCategory "2"]
[SourceTitle "CBM 199 Extra"]
[Source "ChessBase"]
[SourceDate "2021.01.31"]
[SourceVersion "1"]
[SourceVersionDate "2021.01.31"]
[SourceQuality "1"]

1. Nf3 d5 2. g3 Nf6 3. Bg2 e6 4. 0-0 Be7 5. d4 0-0 6. c4 dxc4 7. Na3 c5 8. Nxc4 Nc6 9. dxc5 Bxc5 10. Nfe5 Nxe5 11. Nxe5 Qe7 12. Qc2 Bd4 13. Nc4 e5 14. e3 Bc5 15. a3 a5 16. Bd2 a4 17. Rac1 Nd7 18. Bc3 Re8 19. Rfd1 f6 20. Na5 Nb6 21. Be1 Bg4 22. Rd3 e4 23. Rc3 Rxa5 24. Rxc5 Rxc5 25. Qxc5 Qe6 26. Qd4 Bf3 27. Bf1 Kh8 28. Rc7 Nd5 29. Rxb7 h5 30. h4 Qc6 31. Bb5 Qxb7 32. Bxe8 Qc8 33. Bb5 Qh3 0-1

[Event "ESP-chT CECLUB Div1"]
[Site "Linares"]
[Date "2020.10.04"]
[Round "2.1"]
[White "Hernando Rodrigo, Jose Maria"]
[Black "Bayo Milagro, Alvaro"]
[Result "1-0"]
[WhiteElo "2311"]
[BlackElo "2255"]
[PlyCount "115"]
[EventDate "2020.10.03"]
[EventType "team-tourn"]
[EventRounds "7"]
[EventCountry "ESP"]
[SourceTitle "CBM 198 Extra"]
[Source "ChessBase"]
[SourceDate "2020.11.30"]
[SourceVersion "1"]
[SourceVersionDate "2020.11.30"]
[SourceQuality "1"]
[WhiteTeam "Santa Lucia Grandama"]
[BlackTeam "Stadium Casablanca"]
[WhiteTeamCountry "ESP"]
[BlackTeamCountry "ESP"]

1. d4 Nf6 2. c4 e6 3. Nc3 Bb4 4. e3 c5 5. Nge2 cxd4 6. exd4 d5 7. a3 Be7 8. c5 0-0 9. g3 b6 10. b4 bxc5 11. dxc5 Ba6 12. Bg2 Bc4 13. 0-0 a5 14. Rb1 Na6 15. Re1 axb4 16. axb4 Qb8 17. Bf4 Qa7 18. Nd4 Rfc8 19. Ndb5 Qb7 20. Nd6 Bxd6 21. Bxd6 Ne8 22. Be5 Nxb4 23. Qd4 Ra7 24. c6 Rxc6 25. Rxb4 Qe7 26. Rb8 Rd7 27. Bxg7 Rd8 28. Rxd8 Qxd8 29. Bh6 Qf6 30. Qd2 Rc8 31. Bf4 Qg6 32. Bf1 Ng7 33. Be5 Nf5 34. Bxc4 Rxc4 35. Nxd5 exd5 36. Qxd5 Rc8 37. Bb2 h6 38. Qd7 Rf8 39. Re8 f6 40. Qe6+ Kg7 41. Rxf8 Kxf8 42. Qxf6+ Qxf6 43. Bxf6 Kf7 44. Bc3 Kg6 45. Kg2 Nd6 46. f4 Ne4 47. Bb4 Nf6 48. h3 Nd5 49. Bd2 h5 50. Kf3 Kf6 51. g4 Kg6 52. Bc1 hxg4+ 53. hxg4 Nc3 54. f5+ Kf7 55. g5 Nd5 56. Ke4 Ne7 57. Ba3 Ng8 58. Ke5 1-0

[Event "Catalunya-chT Gp1 final"]
[Site "Barcelona"]
[Date "2016.04.09"]
[Round "3.2"]
[White "Hernando Rodrigo, Jose Maria"]
[Black "Bofill Mas, Alejandro"]
[Result "1/2-1/2"]
[WhiteElo "2320"]
[BlackElo "2339"]
[PlyCount "43"]
[EventDate "2016.03.12"]
[EventType "team-tourn"]
[EventRounds "4"]
[EventCountry "ESP"]
[SourceTitle "EXT 2017"]
[Source "ChessBase"]
[SourceDate "2016.10.25"]
[SourceVersion "1"]
[SourceVersionDate "2016.10.25"]
[SourceQuality "1"]
[WhiteTeam "Colon Sabadell"]
[BlackTeam "Barcelona Escola Escacs"]
[WhiteTeamCountry "ESP"]
[BlackTeamCountry "ESP"]

1. d4 Nf6 2. c4 g6 3. Nc3 d5 4. Nf3 Bg7 5. cxd5 Nxd5 6. e4 Nxc3 7. bxc3 c5 8. Bb5+ Nc6 9. 0-0 cxd4 10. cxd4 0-0 11. Be3 Bg4 12. Bxc6 bxc6 13. Rc1 Qa5 14. Qd2 Qxd2 15. Nxd2 Rfd8 16. Nb3 a5 17. Rxc6 a4 18. Nc5 Bxd4 19. Bxd4 Rxd4 20. f3 Rc8 21. Rxc8+ Bxc8 22. Rc1 1/2-1/2

[Event "Catalunya-chT Gp2"]
[Site "Barcelona"]
[Date "2016.02.06"]
[Round "3.2"]
[White "Hernando Rodrigo, Jose Maria"]
[Black "Gallart Zafra, Jaume"]
[Result "1-0"]
[WhiteElo "2331"]
[BlackElo "2186"]
[PlyCount "113"]
[EventDate "2016.01.23"]
[EventType "team-tourn"]
[EventRounds "7"]
[EventCountry "ESP"]
[SourceTitle "CBM 170 Extra"]
[Source "ChessBase"]
[SourceDate "2016.02.25"]
[SourceVersion "1"]
[SourceVersionDate "2016.02.25"]
[SourceQuality "1"]
[WhiteTeam "Colon Sabadell"]
[BlackTeam "Tres Peons"]
[WhiteTeamCountry "ESP"]
[BlackTeamCountry "ESP"]

1. d4 Nf6 2. Nf3 e6 3. e3 c5 4. Bd3 Nc6 5. b3 Be7 6. Bb2 0-0 7. a3 cxd4 8. exd4 Nd5 9. g3 Bf6 10. h4 Qa5+ 11. Kf1 g6 12. c4 Nde7 13. h5 d5 14. c5 Qd8 15. Qc1 Bg7 16. Qf4 h6 17. b4 a6 18. Nbd2 Bd7 19. Ne5 Nxe5 20. dxe5 g5 21. Qe3 Bc6 22. Qe2 Qd7 23. Kg1 Nf5 24. Rh2 Rae8 25. Nf3 Qe7 26. g4 Nh4 27. Nxh4 gxh4 28. Re1 f6 29. exf6 Bxf6 30. Bxf6 Qxf6 31. Qe5 Qg5 32. Qxg5+ hxg5 33. Re5 Kh8 34. Rxg5 Rf3 35. Bg6 Ref8 36. Re5 Rxa3 37. Rxe6 h3 38. Re1 Rf4 39. Bf5 Rxb4 40. h6 Rf4 41. f3 Raxf3 42. Rhe2 Rxf5 43. gxf5 Rxf5 44. Kh2 d4 45. Rd2 Rxc5 46. Rxd4 Rd5 47. Rf4 Kh7 48. Rf6 Rd7 49. Kxh3 a5 50. Re3 a4 51. Kg4 Bd5 52. Kg5 Bb3 53. Rf5 Bc4 54. Rfe5 b5 55. Re7+ Rxe7 56. Rxe7+ Kh8 57. Kg6 1-0

[Event "Catalunya-chT"]
[Site "Catalunya"]
[Date "2014.03.29"]
[Round "10.1"]
[White "Garcia Jimenez, Francisco Javier"]
[Black "Hernando Rodrigo, Jose Maria"]
[Result "1-0"]
[WhiteElo "2268"]
[BlackElo "2322"]
[PlyCount "71"]
[EventDate "2014.01.25"]
[EventType "team"]
[EventRounds "11"]
[EventCountry "ESP"]
[SourceTitle "EXT 2015"]
[Source "ChessBase"]
[SourceDate "2014.11.20"]
[SourceVersion "1"]
[SourceVersionDate "2014.11.20"]
[SourceQuality "1"]
[WhiteTeam "Barbera"]
[BlackTeam "Colon Sabadell"]
[WhiteTeamCountry "ESP"]
[BlackTeamCountry "ESP"]

1. e4 e6 2. d4 d5 3. exd5 exd5 4. c4 Nf6 5. Nc3 Be7 6. Nf3 0-0 7. cxd5 Nxd5 8. Bd3 Nc6 9. 0-0 Bg4 10. h3 Bxf3 11. Qxf3 Ndb4 12. d5 Ne5 13. Bxh7+ Kxh7 14. Qh5+ Kg8 15. Qxe5 Bf6 16. Qg3 Bxc3 17. bxc3 Nxd5 18. Rd1 c6 19. Ba3 Qf6 20. Bxf8 Rxf8 21. Rd4 Re8 22. Rad1 Re2 23. c4 Nc3 24. Rf4 Rxa2 25. Rxf6 Ne2+ 26. Kh2 Nxg3 27. Rd8+ Kh7 28. Rxf7 Nf1+ 29. Kg1 Nd2 30. h4 b5 31. cxb5 cxb5 32. Rdd7 a5 33. Rxg7+ Kh6 34. Rg5 Ra1+ 35. Kh2 Rd1 36. Rgd5 1-0